| 000 | 00953nam a2200301Ia 4500 | ||
|---|---|---|---|
| 003 | OSt | ||
| 005 | 20221007120838.0 | ||
| 006 | a|||||r|||| 00| 0 | ||
| 007 | ta | ||
| 008 | 221006b |||||||| |||| 00| 0 eng d | ||
| 020 | _a0471656658 (pbk) | ||
| 024 | _a13774 | ||
| 037 |
_b17057/04, 24/03/2005, Panima Education Book Agency _cTextual |
||
| 040 |
_aBDL _cBDL _beng |
||
| 041 |
_2eng _aeng |
||
| 082 | _aG11, N6;P5 Carb | ||
| 100 |
_aKarp Gerald _9429862 |
||
| 245 | 0 | _aCell and molecular biology: Concepts and experiments | |
| 250 | _a4 | ||
| 260 |
_aNew _bJersey John Wiley & Sons, Inc. _c2005 |
||
| 300 |
_axxiv, 780p+vp. _ccm. |
||
| 500 | _aGlossary G1- G21p.; Index I1- I36p. | ||
| 650 |
_a Cell _9650605 |
||
| 650 |
_a Molecular biology _9414923 |
||
| 650 | _aBiology | ||
| 942 |
_hG11, N6;P5 Carb _cTEXL _2CC |
||
| 999 |
_c1208102 _d1208102 |
||